Cartoonfiguren mit P - Statistiken

Allgemein
  • Dieses Quiz wurde 79 mal gespielt
  • Das Durchschnittsergebnis liegt bei 10 aus 16
Antwortstatistiken
Bildquiz Antwort % Korrekt
Pikachu
91%
Pinocchio
91%
Pumba
84%
Popeye
83%
Pluto
81%
Pumuckl
80%
Patrick Star
79%
Peach
75%
Peppa Wutz
67%
Peter Griffin
67%
Pingu
49%
Pinky
37%
Paulchen Panther
28%
Piccolo
28%
Petzi
16%
Porco Rosso
5%
Keine übereinstimmenden Quizze gefunden
Verteilung der Resultate
Anzahl Personen mit jedem Resultat
Perzentil nach korrekt beantworteten Fragen
Ihre Resultats-Entwicklung
Sie haben dieses Quiz noch nicht gespielt